LEADER 01301nam a2200301 a 4500 001 000000125943 003 CaOOAMICUS 005 20110711142903.0 008 110711s2011 enk u000 u eng r 020 $a978-0-415-48114-4 040 $aPUL$bita 082 04$a342.08 100 1 $aScolnicov, Anat.$0(OLS)http://pul/name/80055 245 14$aThe right to religious freedom in international law /$cAnat Scolnicov. 260 $aLondon ;$aNew York :$bRoutledge,$c©2011. 300 $axxxi, 246 p. ;$c24 cm 490 1 $aRoutledge research in human rights law 504 $aBibliografia p. [228]-240. 650 4$aLibertą religiosa (diritto internazionale).$0(OLS)http://pul/subject/16323 830 0$aRoutledge research in human rights law.$0(OLS)http://pul/title/158976 850 $aPUL 852 $aPUL$W1$xSL Diritto e Scienze Sociali 3$y79$m342. 08 SCOAN 1$j145123$qDDC 21$B144121$CPULBib$Z2$F144121 $H117001 $82 941 1 $a9 996 $6020$a978-0-415-48114-4$9(OLS)http://pul/number/147698 996 $6082$a342.08$9(OLS)http://pul/classification/716 996 $6245$aThe right to religious freedom in international law$9(OLS)http://pul/title/158975 996 $6260$aLondon ;$aNew York :$bRoutledge$9(OLS)http://pul/publisher/52469 LEADER 01215nam a2200265 u 4500 001 000000083853 003 CaOOAMICUS 005 20070226124021.0 008 050530s1937 it u000 u ita u 035 $a11047405 040 $aPUL(R)$bita 100 0 $aAthanasius,$cs., patriarca di Alessandria,$d292-373.$0(OLS)http://pul/name/1195 240 10$aApologia contra Arianos$9(Athanasius, s., patriarca di Alessandria, 292-373).$lItaliano.$0(OLS)http://pul/title/109190 245 10$aCristo- Dio :$b(contra arianos) /$cS. Atanasio di Alessandria ; a cura di mons. Enrico Sala. 260 $aSiena :$bCantagalli,$c1937. 300 $a299 p. ;$c19 cm 490 1 $aClassici cristiani ;$v64 700 1 $aSala, Enrico.$0(OLS)http://pul/name/55347 830 0$aClassici cristiani ;$v64.$0(OLS)http://pul/title/2209 850 $aPUL 852 $aPUL$W1$xDP1 Fondo Cecchetti$y53$m267 E 48$j106698$nBK-PRI$b $qFondi$B106698$CPULBib$Z2$F106698 $H $81 900 $aAtanasio,$cs., patriarca di Alessandria,$d292-373$91195 941 1 $a1 996 $6245$aCristo- Dio :$b(contra arianos)$9(OLS)http://pul/title/109191 996 $6260$aSiena :$bCantagalli$9(OLS)http://pul/publisher/48759